Écriture Franco-Ontarienne d'aujourd'hui
Salvato in:
| Natura: | Libro |
|---|---|
| Lingua: | Undetermined |
| Pubblicazione: |
Canada
Vermillon
1989
|
| Soggetti: | |
| Tags: |
Aggiungi Tag
Nessun Tag, puoi essere il primo ad aggiungerne! !
|
| Thư viện lưu trữ: | Trung tâm Học liệu Trường Đại học Cần Thơ |
|---|
| LEADER | 00519nam a2200169Ia 4500 | ||
|---|---|---|---|
| 001 | CTU_41587 | ||
| 008 | 210402s9999 xx 000 0 und d | ||
| 082 | |a 840.05 | ||
| 082 | |b E19 | ||
| 245 | 0 | |a Écriture Franco-Ontarienne d'aujourd'hui | |
| 245 | 0 | |c Sous la direction de Hédi Bouraoui, Jacques Flamand | |
| 260 | |a Canada | ||
| 260 | |b Vermillon | ||
| 260 | |c 1989 | ||
| 650 | |a canadian literature - periodicals | ||
| 904 | |i Nguyễn Quang Điền | ||
| 980 | |a Trung tâm Học liệu Trường Đại học Cần Thơ | ||